| 000 | 01984cam a22004694i 4500 | ||
|---|---|---|---|
| 003 | PE-LiUPU | ||
| 005 | 20250731183354.0 | ||
| 008 | 160909s2013 sp a 000 0 spa d | ||
| 020 | _a8492810998 | ||
| 020 | _a9788492810994 | ||
| 035 | _a(Sirsi) i9788492810994 | ||
| 040 |
_aXS# _cXS# _dOCLCO _dPE-LiUPU |
||
| 041 | 1 |
_aspa _heng |
|
| 049 | _aPRUA | ||
| 082 | 0 | 4 |
_a736.98 _bF52 _220 |
| 100 | 1 |
_aFinch, Keith, _d1966-, _eautor. |
|
| 240 | 1 | 0 |
_aPaper engineering revealed. _lEspañol. |
| 245 | 1 | 3 |
_aLa ingeniería del papel al descubierto : _bdesvelamos las técnicas del pop-up / _cKeith A. Finch ; [traducción Juan José Llanos Collado]. |
| 264 | 1 |
_aBarcelona : _bPromopress, _c2013. |
|
| 300 |
_a23 páginas : _bilustraciones ; _c29 centímetros |
||
| 336 |
_text _2rdacontent |
||
| 337 |
_unmediated _2rdamedia |
||
| 338 |
_volume _2rdacarrier |
||
| 526 | _aP158 | ||
| 526 | _aP146 | ||
| 526 | _aP17 | ||
| 526 | _aP12 | ||
| 526 | _aP06 | ||
| 534 |
_aTítulo: _tPaper Engineering Revealed. |
||
| 541 | _g0001-0042329; | ||
| 650 | 4 | _aPlegado en papel (Diseño gráfico) | |
| 650 | 4 |
_aTrabajos con papel _xDiseño. |
|
| 650 | 4 |
_aTrabajos con papel _xTécnica. |
|
| 910 |
_adbm _bmarg _cmarg _d20180115 |
||
| 942 |
_2ddc _cBOOK |
||
| 949 |
_a736.98 F52 _wDEWEY _c1 _i74486 _lCATALOGING _mBUL _r0 _sY _tBOOK _u2016-9-20 _PP06 _0COMPRA _o.STAFF. Colección Ingeniería y Arquitectura |
||
| 994 |
_aC0 _bPEPRU |
||
| 596 | _a1 | ||
| 999 |
_a736.98 F52 _wDEWEY _c12511 _i74486 _f2021-11-10 _g3 _lCCODEBUL1 _mBUL _p32.30 _r0 _sY _tBOOK _u2016-9-20 _xINGENIERIA _PP06 _0COMPRA _o.STAFF. Colección Ingeniería y Arquitectura _d12511 |
||
| 999 |
_a736.98 F52 _wDEWEY _c2 _i78154 _d2019-5-23 _e2019-5-16 _f2021-11-10 _g4 _lCCODEBUL1 _mBUL _n2 _p63.79 _q2 _r0 _sY _tBOOK _u2018-1-15 _xINGENIERIA _PP24 _0COMPRA _o.STAFF. Colección Ingeniería y Arquitectura |
||
| 980 |
_81 _gALBERTO SANCHEZ Responsable de Automatización |
||